Napäťovo deformačná analýza rámu nákladného bicykla
Na minha lista:
| Autor principal: | |
|---|---|
| Outros Autores: | |
| Formato: | Manuscrito Livro |
| Idioma: | eslovaco |
| Publicado em: |
2015
|
| Assuntos: | |
| Acesso em linha: | http://is.stuba.sk/zp/portal_zp.pl?podrobnosti=100006 |
| Tags: |
Sem tags, seja o primeiro a adicionar uma tag!
|
MARC
| LEADER | 00000ntm a22000003a 4500 | ||
|---|---|---|---|
| 001 | stuzp49766 | ||
| 003 | SK-STU | ||
| 005 | 20160719153356.5 | ||
| 007 | ta | ||
| 008 | 150427s2015----xo-----f-mn---000-0-slo-d | ||
| 040 | |a STU |b slo | ||
| 041 | 0 | |a slo | |
| 100 | 1 | |a Tóth, Attila |u 020010 |4 aut |U SjF Strojnícka fakulta |T SjF Ústav aplikovanej mechaniky a mechatroniky |X 55946 |U J0010 |Y 801 |7 55946 | |
| 242 | 0 | 1 | |a Stress-strain analysis of the cargo bike frame |y eng |
| 245 | 1 | 0 | |a Napäťovo deformačná analýza rámu nákladného bicykla |
| 260 | |c 2015 | ||
| 650 | 4 | |a MKP |2 slo | |
| 650 | 4 | |a napäťovo deformačná analýza |2 slo | |
| 650 | 4 | |a ANSYS Workbench |2 slo | |
| 650 | 4 | |a nákladný bicykel |2 slo | |
| 650 | 4 | |a CATIA |2 slo | |
| 650 | 4 | |a cargo bike |2 eng | |
| 650 | 4 | |a CATIA |2 eng | |
| 650 | 4 | |a ANSYS Workbench |2 eng | |
| 650 | 4 | |a FEM |2 eng | |
| 650 | 4 | |a stress-strain analysis |2 eng | |
| 700 | 1 | |a Garan, Martin |4 ths |X 10008 |7 A000010008 | |
| 856 | 4 | |u http://is.stuba.sk/zp/portal_zp.pl?podrobnosti=100006 | |
| SQL | |a stuzp49766 |b DBP |c SLO |d Napäťovo deformačná analýza rámu nákladného bicykla |e 55946 |f Tóth, Attila |g 020010 |h 10008 |i Garan, Martin |j 20150616 |k 645 |l 02 |m http://is.stuba.sk/zp/portal_zp.pl?podrobnosti=100006 |n B-AMAM |o 5.1.7. aplikovaná mechanika, 5.2.16. mechatronika | ||